000
00286pam a2200133 a 4500
020
_c
041
_h
082
_a
920
_b
BHA
100
_a
Bhattacharya
245
_a
Shadow From Ladakh
_h
Textual Documents
260
_a
Pune
_b
Hind Pocket Books
_c
1966
300
_a
350
930
_a
9886
999
_c
116711
_d
116711